Detectives reales e imaginarios

Bibliographic Details
Main Author: Moreno Gonzl̀ez, Rafael
Format: eBook
Language:Spanish
Published: Ciudad de Mx̌ico: Instituto de ciencias penales de Mx̌ico (INACIPE), 2018
Subjects:
Online Access:Acceso restringido

MARC

LEADER 00000nam a22000007a 4500
005 20190904232348.0
007 cr|||| ||||
008 190904s2018 mx |||||s|||| 00||0 spa d
020 |a 978-607-8551-29-3 
035 |a 24746 
040 |a vLex 
090 |c 9402  |d 9402 
100 1 |a Moreno Gonzl̀ez, Rafael 
245 1 0 |a Detectives reales e imaginarios  |h [Recurso electrn̤ico] /  |c Rafael Moreno Gonzl̀ez 
256 |a Servicio en ln̕ea 
260 |a Ciudad de Mx̌ico:  |b Instituto de ciencias penales de Mx̌ico (INACIPE),  |c 2018 
300 |a 1 recurso electrn̤ico 
506 1 |a Disponible solo en los productos indicados  |d vLex Global  |d vLex Global (Academic Edition, excluding Law Schools)  |d vLex Global (U.S. Academic Edition, Law Schools)  |d vLex Global (U.S. Academic Edition, excluding Law Schools)  |d vLex Global (Academic Edition, Law Schools) 
650 0 4 |a Derecho Penal  |z Mx̌ico 
740 0 |a vLex Libros (Servicio en ln̕ea) 
856 4 0 |u http://vlex.com/source/detectives-reales-imaginarios-24746  |z Acceso restringido 
942 |c BOOK 
999 0 |a Criminal law